<?xml version="1.0" encoding="UTF-8"?>
<record
    xmlns:xsi="http://www.w3.org/2001/XMLSchema-instance"
    xsi:schemaLocation="http://www.loc.gov/MARC21/slim http://www.loc.gov/standards/marcxml/schema/MARC21slim.xsd"
    xmlns="http://www.loc.gov/MARC21/slim">

  <leader>02652nam0a2200397   4500</leader>
  <controlfield tag="001">RU\NLR\bibl\1140334</controlfield>
  <controlfield tag="005">20260406060509.0</controlfield>
  <datafield tag="010" ind1=" " ind2=" ">
    <subfield code="a">978-5-9697-0394-0</subfield>
    <subfield code="9">5000</subfield>
  </datafield>
  <datafield tag="021" ind1=" " ind2=" ">
    <subfield code="a">RU</subfield>
    <subfield code="b">2007-57963</subfield>
    <subfield code="9">3081</subfield>
  </datafield>
  <datafield tag="035" ind1=" " ind2=" ">
    <subfield code="a">(nilc)RSL-KNO-003184002</subfield>
  </datafield>
  <datafield tag="035" ind1=" " ind2=" ">
    <subfield code="a">(NLR Aleph) 001127198</subfield>
  </datafield>
  <datafield tag="090" ind1=" " ind2=" ">
    <subfield code="a">1335052</subfield>
    <subfield code="c">1335052</subfield>
  </datafield>
  <datafield tag="100" ind1=" " ind2=" ">
    <subfield code="a">20070831d2007    |||y0rusy50      ca</subfield>
  </datafield>
  <datafield tag="101" ind1="0" ind2=" ">
    <subfield code="a">rus</subfield>
  </datafield>
  <datafield tag="102" ind1=" " ind2=" ">
    <subfield code="a">RU</subfield>
  </datafield>
  <datafield tag="105" ind1=" " ind2=" ">
    <subfield code="a">a   |||||||||</subfield>
  </datafield>
  <datafield tag="200" ind1="1" ind2=" ">
    <subfield code="a">&#x421;&#x43B;&#x430;&#x432;&#x430; &#x438; &#x413;&#x430;&#x43B;&#x438;&#x43D;&#x430;</subfield>
    <subfield code="e">&#x441;&#x438;&#x43C;&#x444;&#x43E;&#x43D;&#x438;&#x44F; &#x436;&#x438;&#x437;&#x43D;&#x438;</subfield>
    <subfield code="f">&#x422;&#x430;&#x43C;&#x430;&#x440;&#x430; &#x413;&#x440;&#x443;&#x43C;-&#x413;&#x440;&#x436;&#x438;&#x43C;&#x430;&#x439;&#x43B;&#x43E;</subfield>
  </datafield>
  <datafield tag="210" ind1=" " ind2=" ">
    <subfield code="a">&#x41C;&#x43E;&#x441;&#x43A;&#x432;&#x430;</subfield>
    <subfield code="c">&#x412;&#x430;&#x433;&#x440;&#x438;&#x443;&#x441;</subfield>
    <subfield code="d">2007</subfield>
  </datafield>
  <datafield tag="215" ind1=" " ind2=" ">
    <subfield code="a">510 &#x441;., [16] &#x43B;. &#x438;&#x43B;., &#x43F;&#x43E;&#x440;&#x442;&#x440;., &#x446;&#x432;. &#x438;&#x43B;., &#x43F;&#x43E;&#x440;&#x442;&#x440;.</subfield>
    <subfield code="c">&#x438;&#x43B;., &#x43F;&#x43E;&#x440;&#x442;&#x440;.</subfield>
    <subfield code="d">24</subfield>
  </datafield>
  <datafield tag="600" ind1=" " ind2="1">
    <subfield code="a">&#x420;&#x43E;&#x441;&#x442;&#x440;&#x43E;&#x43F;&#x43E;&#x432;&#x438;&#x447;</subfield>
    <subfield code="b">&#x41C;.&#x41B;.</subfield>
    <subfield code="f">1927 - 2007</subfield>
    <subfield code="g">&#x41C;&#x441;&#x442;&#x438;&#x441;&#x43B;&#x430;&#x432; &#x41B;&#x435;&#x43E;&#x43F;&#x43E;&#x43B;&#x44C;&#x434;&#x43E;&#x432;&#x438;&#x447;</subfield>
    <subfield code="9">1241975</subfield>
    <subfield code="3">RU\NLR\auth\66190146</subfield>
  </datafield>
  <datafield tag="600" ind1=" " ind2="1">
    <subfield code="a">&#x412;&#x438;&#x448;&#x43D;&#x435;&#x432;&#x441;&#x43A;&#x430;&#x44F;</subfield>
    <subfield code="b">&#x413;. &#x41F;.</subfield>
    <subfield code="f">1926 - 2012</subfield>
    <subfield code="g">&#x413;&#x430;&#x43B;&#x438;&#x43D;&#x430; &#x41F;&#x430;&#x432;&#x43B;&#x43E;&#x432;&#x43D;&#x430;</subfield>
    <subfield code="9">1284031</subfield>
    <subfield code="3">RU\NLR\auth\66212203</subfield>
  </datafield>
  <datafield tag="610" ind1="0" ind2=" ">
    <subfield code="a">&#x418;&#x441;&#x43A;&#x443;&#x441;&#x441;&#x442;&#x432;&#x43E;. &#x418;&#x441;&#x43A;&#x443;&#x441;&#x441;&#x442;&#x432;&#x43E;&#x437;&#x43D;&#x430;&#x43D;&#x438;&#x435; -- &#x41C;&#x443;&#x437;&#x44B;&#x43A;&#x430; -- &#x418;&#x43D;&#x441;&#x442;&#x440;&#x443;&#x43C;&#x435;&#x43D;&#x442;&#x430;&#x43B;&#x44C;&#x43D;&#x430;&#x44F; &#x43C;&#x443;&#x437;&#x44B;&#x43A;&#x430; -- &#x421;&#x43C;&#x44B;&#x447;&#x43A;&#x43E;&#x432;&#x44B;&#x435; &#x438;&#x43D;&#x441;&#x442;&#x440;&#x443;&#x43C;&#x435;&#x43D;&#x442;&#x44B; -- &#x412;&#x438;&#x43E;&#x43B;&#x43E;&#x43D;&#x447;&#x435;&#x43B;&#x44C; -- &#x420;&#x43E;&#x441;&#x441;&#x438;&#x439;&#x441;&#x43A;&#x430;&#x44F; &#x424;&#x435;&#x434;&#x435;&#x440;&#x430;&#x446;&#x438;&#x44F; -- &#x418;&#x441;&#x442;&#x43E;&#x440;&#x438;&#x44F; &#x438;&#x441;&#x43F;&#x43E;&#x43B;&#x43D;&#x438;&#x442;&#x435;&#x43B;&#x44C;&#x441;&#x442;&#x432;&#x430; &#x432; &#x420;&#x43E;&#x441;&#x441;&#x438;&#x438; -- &#x420;&#x43E;&#x441;&#x442;&#x440;&#x43E;&#x43F;&#x43E;&#x432;&#x438;&#x447; &#x41C;&#x441;&#x442;&#x438;&#x441;&#x43B;&#x430;&#x432; &#x41B;&#x435;&#x43E;&#x43F;&#x43E;&#x43B;&#x44C;&#x434;&#x43E;&#x432;&#x438;&#x447; (1927 - 2007) - &#x432;&#x438;&#x43E;&#x43B;&#x43E;&#x43D;&#x447;&#x435;&#x43B;&#x438;&#x441;&#x442; -- &#x411;&#x438;&#x43E;&#x433;&#x440;&#x430;&#x444;&#x438;&#x438;</subfield>
  </datafield>
  <datafield tag="610" ind1="0" ind2=" ">
    <subfield code="a">&#x418;&#x441;&#x43A;&#x443;&#x441;&#x441;&#x442;&#x432;&#x43E;. &#x418;&#x441;&#x43A;&#x443;&#x441;&#x441;&#x442;&#x432;&#x43E;&#x437;&#x43D;&#x430;&#x43D;&#x438;&#x435; -- &#x422;&#x435;&#x430;&#x442;&#x440; -- &#x41C;&#x443;&#x437;&#x44B;&#x43A;&#x430;&#x43B;&#x44C;&#x43D;&#x44B;&#x439; &#x442;&#x435;&#x430;&#x442;&#x440; -- &#x41E;&#x43F;&#x435;&#x440;&#x43D;&#x44B;&#x439; &#x442;&#x435;&#x430;&#x442;&#x440; -- &#x418;&#x441;&#x442;&#x43E;&#x440;&#x438;&#x44F; &#x43E;&#x43F;&#x435;&#x440;&#x43D;&#x43E;&#x433;&#x43E; &#x442;&#x435;&#x430;&#x442;&#x440;&#x430; -- &#x420;&#x43E;&#x441;&#x441;&#x438;&#x439;&#x441;&#x43A;&#x430;&#x44F; &#x424;&#x435;&#x434;&#x435;&#x440;&#x430;&#x446;&#x438;&#x44F; -- &#x420;&#x443;&#x441;&#x441;&#x43A;&#x438;&#x439; &#x43E;&#x43F;&#x435;&#x440;&#x43D;&#x44B;&#x439; &#x442;&#x435;&#x430;&#x442;&#x440; -- &#x412;&#x438;&#x448;&#x43D;&#x435;&#x432;&#x441;&#x43A;&#x430;&#x44F; &#x413;&#x430;&#x43B;&#x438;&#x43D;&#x430; &#x41F;&#x430;&#x432;&#x43B;&#x43E;&#x432;&#x43D;&#x430; (&#x440;.1926) - &#x430;&#x440;&#x442;&#x438;&#x441;&#x442;&#x43A;&#x430; &#x442;&#x435;&#x430;&#x442;&#x440;&#x430; -- &#x411;&#x438;&#x43E;&#x433;&#x440;&#x430;&#x444;&#x438;&#x438;</subfield>
  </datafield>
  <datafield tag="686" ind1=" " ind2=" ">
    <subfield code="a">&#x429;315.56-73(2&#x420;=&#x420;)7-83&#x420;&#x43E;&#x441;&#x442;&#x440;&#x43E;&#x43F;&#x43E;&#x432;&#x438;&#x447; &#x41C;.&#x41B;.2,0</subfield>
    <subfield code="2">rubbk</subfield>
  </datafield>
  <datafield tag="686" ind1=" " ind2=" ">
    <subfield code="a">&#x429;335.413(2&#x420;=&#x420;)7-86&#x412;&#x438;&#x448;&#x43D;&#x435;&#x432;&#x441;&#x43A;&#x430;&#x44F; &#x413;.&#x41F;.2,0</subfield>
    <subfield code="2">rubbk</subfield>
  </datafield>
  <datafield tag="686" ind1=" " ind2=" ">
    <subfield code="a">&#x429;313(2&#x420;=&#x420;&#x443;&#x441;)7-83&#x420;&#x43E;&#x441;&#x442;&#x440;&#x43E;&#x43F;&#x43E;&#x432;&#x438;&#x447;</subfield>
  </datafield>
  <datafield tag="686" ind1=" " ind2=" ">
    <subfield code="a">&#x429;335.413(2&#x420;=&#x420;&#x443;&#x441;)7-86&#x412;&#x438;&#x448;&#x43D;&#x435;&#x432;&#x441;&#x43A;&#x430;&#x44F;</subfield>
  </datafield>
  <datafield tag="700" ind1=" " ind2="1">
    <subfield code="4">070</subfield>
    <subfield code="8">rus</subfield>
    <subfield code="7">ca</subfield>
    <subfield code="a">&#x413;&#x440;&#x443;&#x43C;-&#x413;&#x440;&#x436;&#x438;&#x43C;&#x430;&#x439;&#x43B;&#x43E;</subfield>
    <subfield code="b">&#x422;. &#x41D;.</subfield>
    <subfield code="f">1929 -</subfield>
    <subfield code="g">&#x422;&#x430;&#x43C;&#x430;&#x440;&#x430; &#x41D;&#x438;&#x43A;&#x43E;&#x43B;&#x430;&#x435;&#x432;&#x43D;&#x430;</subfield>
    <subfield code="3">RU\NLR\auth\7710708</subfield>
    <subfield code="9">120473</subfield>
  </datafield>
  <datafield tag="702" ind1=" " ind2="1">
    <subfield code="4">570</subfield>
    <subfield code="8">rus</subfield>
    <subfield code="7">ca</subfield>
    <subfield code="a">&#x420;&#x43E;&#x441;&#x442;&#x440;&#x43E;&#x43F;&#x43E;&#x432;&#x438;&#x447;</subfield>
    <subfield code="b">&#x41C;. &#x41B;.</subfield>
    <subfield code="f">1927-2007</subfield>
    <subfield code="g">&#x41C;&#x441;&#x442;&#x438;&#x441;&#x43B;&#x430;&#x432; &#x41B;&#x435;&#x43E;&#x43F;&#x43E;&#x43B;&#x44C;&#x434;&#x43E;&#x432;&#x438;&#x447;</subfield>
    <subfield code="3">RU\NLR\auth\7757237</subfield>
    <subfield code="9">40169</subfield>
  </datafield>
  <datafield tag="702" ind1=" " ind2="1">
    <subfield code="4">570</subfield>
    <subfield code="8">rus</subfield>
    <subfield code="7">ca</subfield>
    <subfield code="a">&#x412;&#x438;&#x448;&#x43D;&#x435;&#x432;&#x441;&#x43A;&#x430;&#x44F;</subfield>
    <subfield code="b">&#x413;. &#x41F;.</subfield>
    <subfield code="c">&#x43F;&#x435;&#x432;&#x438;&#x446;&#x430;</subfield>
    <subfield code="f">1926-2012</subfield>
    <subfield code="g">&#x413;&#x430;&#x43B;&#x438;&#x43D;&#x430; &#x41F;&#x430;&#x432;&#x43B;&#x43E;&#x432;&#x43D;&#x430;</subfield>
    <subfield code="3">RU\NLR\auth\7765724</subfield>
    <subfield code="9">48653</subfield>
  </datafield>
  <datafield tag="801" ind1=" " ind2="0">
    <subfield code="a">RU</subfield>
    <subfield code="b">&#x420;&#x41A;&#x41F;</subfield>
    <subfield code="c">20070831</subfield>
    <subfield code="g">rcr</subfield>
  </datafield>
  <datafield tag="801" ind1=" " ind2="1">
    <subfield code="a">RU</subfield>
    <subfield code="b">&#x420;&#x413;&#x411;</subfield>
    <subfield code="c">20070831</subfield>
  </datafield>
  <datafield tag="801" ind1=" " ind2="2">
    <subfield code="a">RU</subfield>
    <subfield code="b">NLR</subfield>
    <subfield code="c">20071015</subfield>
    <subfield code="g">rcr</subfield>
  </datafield>
  <datafield tag="942" ind1=" " ind2=" ">
    <subfield code="c">BOOK</subfield>
  </datafield>
  <datafield tag="980" ind1=" " ind2=" ">
    <subfield code="a">NB</subfield>
  </datafield>
  <datafield tag="995" ind1=" " ind2=" ">
    <subfield code="5">2007-10-15</subfield>
    <subfield code="a">ad</subfield>
    <subfield code="b">NLR01</subfield>
    <subfield code="c">NLR01</subfield>
    <subfield code="e">RF9</subfield>
    <subfield code="f">1-906716</subfield>
    <subfield code="k">2007-7/5671</subfield>
    <subfield code="o">0</subfield>
    <subfield code="r">BOOK</subfield>
    <subfield code="s">200775671_</subfield>
  </datafield>
  <datafield tag="995" ind1=" " ind2=" ">
    <subfield code="5">2007-10-15</subfield>
    <subfield code="a">ad</subfield>
    <subfield code="b">NLR01</subfield>
    <subfield code="c">NLR01</subfield>
    <subfield code="e">RF9</subfield>
    <subfield code="f">2526165</subfield>
    <subfield code="k">2007-7/5671</subfield>
    <subfield code="o">0</subfield>
    <subfield code="r">BOOK</subfield>
    <subfield code="s">200775671_</subfield>
  </datafield>
  <datafield tag="995" ind1=" " ind2=" ">
    <subfield code="5">2008-04-04</subfield>
    <subfield code="a">aa</subfield>
    <subfield code="b">NLR02</subfield>
    <subfield code="c">NLR02</subfield>
    <subfield code="e">UCHZ</subfield>
    <subfield code="f">1-135192</subfield>
    <subfield code="k">&#x423;  &#x429;31(2)/&#x420;-788&#x433;</subfield>
    <subfield code="o">0</subfield>
    <subfield code="p">468.00</subfield>
    <subfield code="r">BOOK</subfield>
    <subfield code="s">_312788</subfield>
  </datafield>
  <datafield tag="995" ind1=" " ind2=" ">
    <subfield code="5">2008-04-04</subfield>
    <subfield code="a">aa</subfield>
    <subfield code="b">NLR01</subfield>
    <subfield code="c">NLR01</subfield>
    <subfield code="e">OZ2</subfield>
    <subfield code="f">1-258149</subfield>
    <subfield code="k">&#x41B;1 &#x429;313(2&#x420;=&#x420;)7-8/&#x420;-788-&#x413;</subfield>
    <subfield code="o">0</subfield>
    <subfield code="p">468.00</subfield>
    <subfield code="r">BOOK</subfield>
    <subfield code="s">1_313278788</subfield>
  </datafield>
  <datafield tag="995" ind1=" " ind2=" ">
    <subfield code="5">2008-04-04</subfield>
    <subfield code="a">aa</subfield>
    <subfield code="b">NLR03</subfield>
    <subfield code="c">NLR03</subfield>
    <subfield code="e">ONIZ3</subfield>
    <subfield code="f">2645221</subfield>
    <subfield code="o">0</subfield>
    <subfield code="p">468.00</subfield>
    <subfield code="r">BOOK</subfield>
  </datafield>
</record>
